Спектры возбуждения рекомбинационной люминесценции щелочно-галоидных кристаллофосфоров; Исследования по люминесценции

Dettagli Bibliografici
Parent link:Исследования по люминесценции.— 1959.— С. 166-195
Autore principale: Яэк И. В.
Lingua:russo
Pubblicazione: 1959
Natura: MixedMaterials Capitolo di libro
KOHA link:https://koha.lib.tpu.ru/cgi-bin/koha/opac-detail.pl?biblionumber=212211

MARC

LEADER 00000naa2a2200000 4500
001 212211
005 20231031192832.0
035 |a (RuTPU)RU\TPU\book\231846 
035 |a RU\TPU\book\231845 
090 |a 212211 
100 |a 20120323d1959 k y0rusy50 ca 
101 0 |a rus 
102 |a RU 
200 1 |a Спектры возбуждения рекомбинационной люминесценции щелочно-галоидных кристаллофосфоров  |f И. В. Яэк 
320 |a Библиогр.: с. 193-194 (23 назв.) 
463 0 |0 (RuTPU)RU\TPU\book\231651  |t Исследования по люминесценции  |f Академия наук Эстонской ССР (АН ЭССР), Институт физики и астрономии  |v С. 166-195  |d 1959  |p 238 с.  |s Труды института физики и астрономии ; № 10 
700 1 |a Яэк  |b И. В. 
801 1 |a RU  |b 63413507  |c 20120323 
801 2 |a RU  |b 63413507  |c 20120323  |g RCR 
942 |c BK